000 00284nam a2200109Ia 4500
008 230907s9999||||xx |||||||||||||| ||und||
082 _a690.837
_bMAD
100 _aMadsen, David A.,
245 0 _aModern residential construction practices /
300 _axx, 526 pages :
942 _cBK
999 _c599208
_d599208